| 000 | 00823nas a2200253Ia 4500 | ||
|---|---|---|---|
| 001 | R415/38237 | ||
| 003 | IT-RoPAU | ||
| 008 | 151124c99999999xx |||||||||||| ||und|| | ||
| 040 | _aIT-RoPAU | ||
| 040 | _cIT-RoPAU | ||
| 041 | _aFRANCESE | ||
| 100 |
_aGlobokar Vinko _gCodice Aut. SPICS: 5985 |
||
| 210 | _aMUSIQUE EN JEU | ||
| 222 | _aMusique En Jeu | ||
| 245 |
_aMUSIQUE EN JEU (06) SUR L'IMPROVISATION, LE CONCERT _bIls Improvisent... Improvisez... Improvisons... |
||
| 250 | _a1a ed. | ||
| 260 |
_aPARIS _bSEUIL _c1972 |
||
| 501 |
_bPaulus - SPICS - Società San Paolo EM (non-commercial uses only) _cCopyright2015 |
||
| 300 | _a7 p. [13-12] | ||
| 362 | _aVOL.06, | ||
| 500 | _aRuolo-Del-Compositore Musica-Improvvisata-E-Musica-Contemporanea | ||
| 650 |
_aMUSICA _vPUBBLICAZIONE PERIODICA |
||
| 942 | _cCR | ||
| 999 |
_c182216 _d182216 |
||